[Event "Gallipoli Salento op 9th"]
[Site "Gallipoli"]
[Date "2020.09.24"]
[Round "7"]
[White "Benenati, Gianfranco"]
[Black "Pelyushenko, Vladyslav"]
[Result "1-0"]
[WhiteElo "1710"]
[BlackElo "1761"]
[PlyCount "77"]
[EventDate "2020.09.19"]
[EventType "swiss"]
[EventRounds "9"]
[EventCountry "ITA"]
[SourceTitle "CBM 198 Extra"]
[Source "ChessBase"]
[SourceDate "2020.11.30"]
[SourceVersion "1"]
[SourceVersionDate "2020.11.30"]
[SourceQuality "1"]

1. e4 c5 2. Nf3 Nc6 3. Bc4 e6 4. d4 cxd4 5. Nxd4 a6 6. Nxc6 bxc6 7. Qe2 Nf6 8. 0-0 Be7 9. e5 Nd5 10. Qg4 0-0 11. Bh6 g6 12. Bxf8 Bxf8 13. Nd2 Bg7 14. Rfe1 d6 15. Nf3 dxe5 16. Nxe5 Qc7 17. Qg3 Bb7 18. c3 Rd8 19. Rad1 Qe7 20. Bb3 Rc8 21. Nf3 Bh6 22. Nd4 Bf4 23. Qg4 h5 24. Qf3 Bb8 25. g3 Qc7 26. Bxd5 cxd5 27. Qf6 Re8 28. f4 Qd7 29. Rd2 Bd6 30. Qh4 e5 31. fxe5 Rxe5 32. Rxe5 Bxe5 33. Re2 Qc7 34. Qg5 Bg7 35. Qe7 Qc4 36. Rf2 Bxd4 37. Qxf7+ Kh8 38. cxd4 Qd3 39. Qf8+ 1-0

[Event "Gallipoli Salento op 9th"]
[Site "Gallipoli"]
[Date "2020.09.23"]
[Round "6"]
[White "Pelyushenko, Vladyslav"]
[Black "De Lisa, Carmine"]
[Result "1-0"]
[WhiteElo "1761"]
[BlackElo "1667"]
[PlyCount "85"]
[EventDate "2020.09.19"]
[EventType "swiss"]
[EventRounds "9"]
[EventCountry "ITA"]
[SourceTitle "CBM 198 Extra"]
[Source "ChessBase"]
[SourceDate "2020.11.30"]
[SourceVersion "1"]
[SourceVersionDate "2020.11.30"]
[SourceQuality "1"]

1. d4 Nf6 2. Nf3 e6 3. c4 d5 4. g3 Bb4+ 5. Bd2 Be7 6. Nc3 0-0 7. Bg2 Ne4 8. 0-0 Nxd2 9. Qxd2 b6 10. Rfd1 Bb7 11. cxd5 exd5 12. Rac1 c6 13. e3 Nd7 14. a3 Rc8 15. Qd3 Bf6 16. e4 dxe4 17. Nxe4 g6 18. Nxf6+ Qxf6 19. b4 Rfd8 20. Qb3 Nf8 21. Ne5 Ne6 22. Qe3 Rd6 23. h4 Nc7 24. Ng4 Qg7 25. Qe7 Qf8 26. Nf6+ Kh8 27. Qe5 Re6 28. Qf4 Qg7 29. Ng4 f5 30. Ne5 Nd5 31. Bxd5 cxd5 32. Rxc8+ Bxc8 33. Rc1 Re8 34. Nf3 Qf8 35. Qc7 Qg7 36. Qf4 h6 37. Rc7 Qf8 38. Ne5 Re6 39. Qc1 Ba6 40. Rxa7 Bc4 41. Nf7+ Kg8 42. Nxh6+ Kh8 43. Nf7+ 1-0

[Event "Costa Viola op-B 5th"]
[Site "Palmi"]
[Date "2012.01.02"]
[Round "1"]
[White "Pelyushenko, Vladyslav"]
[Black "Santeramo, Cristina"]
[Result "1-0"]
[WhiteElo "1787"]
[BlackElo "1550"]
[PlyCount "177"]
[EventDate "2012.01.02"]
[EventType "swiss"]
[EventRounds "8"]
[EventCountry "ITA"]
[SourceTitle "EXT 2023"]
[Source "ChessBase"]
[SourceDate "2022.10.05"]
[SourceVersion "1"]
[SourceVersionDate "2022.10.05"]
[SourceQuality "1"]

1. d4 d5 2. c4 e6 3. Nc3 Nf6 4. Nf3 Be7 5. Bf4 0-0 6. e3 Nbd7 7. Qc2 c6 8. h3 b6 9. cxd5 exd5 10. Bd3 Re8 11. 0-0 Bb7 12. Rab1 Rc8 13. b4 a6 14. Qe2 Ra8 15. Rfc1 Nf8 16. Ne5 Bd6 17. Qf3 Qe7 18. Na4 b5 19. Nc5 Bxc5 20. Rxc5 Rac8 21. Bg5 h6 22. Bh4 Qd6 23. Ng4 Ne4 24. Bxe4 dxe4 25. Qf5 Qe6 26. Qxe6 Rxe6 27. Ne5 Ng6 28. Nxg6 Rxg6 29. Rbc1 Re6 30. d5 Rd6 31. dxc6 Rdxc6 32. Be7 f6 33. Rxc6 Rxc6 34. Bc5 Kf7 35. Rd1 Rc7 36. Rd6 Bc8 37. Rd8 Be6 38. a3 Bc8 39. h4 h5 40. Kh2 Bb7 41. Rh8 Kg6 42. Rd8 Bc8 43. Kg3 Rc6 44. Kf4 f5 45. Bd4 Be6 46. Ke5 Bb3 47. Rd6+ Rxd6 48. Kxd6 Kf7 49. Kc7 Bd5 50. Kb6 g6 51. Kxa6 Bc4 52. Ka5 Ke6 53. a4 bxa4 54. Kxa4 Bd5 55. Kb5 Kd6 56. Kb6 Kd7 57. Be5 Kc8 58. Kc5 Bb7 59. Kd6 Ba6 60. Ke7 Bb5 61. Kf7 Be2 62. Kxg6 Bg4 63. Kf6 Kb7 64. f3 exf3 65. gxf3 Bxf3 66. Kxf5 Kb6 67. Bd6 Kc6 68. Ke5 Kd7 69. Bc5 Ke8 70. Kd6 Kd8 71. Bb6+ Ke8 72. Kc7 Ke7 73. Bc5+ Ke6 74. b5 Kf5 75. b6 Kg4 76. Be7 Be4 77. b7 Bxb7 78. Kxb7 Kf3 79. Bg5 Ke4 80. Kc6 Ke5 81. Kd7 Kf5 82. Ke7 Kg6 83. e4 Kg7 84. Kd7 Kf7 85. e5 Kf8 86. e6 Kg7 87. e7 Kh7 88. e8R Kg7 89. Re6 1-0

[Event "Bisaccia op 3rd"]
[Site "Bisaccia"]
[Date "2011.06.02"]
[Round "1"]
[White "Pelyushenko, Vladyslav"]
[Black "Altini, Nicola"]
[Result "0-1"]
[WhiteElo "1800"]
[BlackElo "2206"]
[PlyCount "94"]
[EventDate "2011.06.08"]
[EventType "swiss"]
[EventRounds "7"]
[EventCountry "ITA"]
[SourceTitle "EXT 2014"]
[Source "ChessBase"]
[SourceDate "2013.11.20"]
[SourceVersion "1"]
[SourceVersionDate "2013.11.20"]
[SourceQuality "1"]

1. d4 d5 2. Nf3 Nf6 3. c4 c6 4. cxd5 cxd5 5. Nc3 Nc6 6. Bf4 a6 7. e3 Bg4 8. Be2 e6 9. 0-0 Be7 10. a3 0-0 11. Rc1 Nh5 12. Ne5 Nxf4 13. Bxg4 Nxe5 14. dxe5 Ng6 15. f4 Bc5 16. Qd3 Qb6 17. Nd1 Rac8 18. Kh1 Qa7 19. Re1 b5 20. b4 Bb6 21. Rxc8 Rxc8 22. g3 Qc7 23. e4 d4 24. Re2 Qc1 25. Kg2 Qxf4 26. Bh5 Qxe5 27. Bxg6 hxg6 28. Rc2 Rxc2+ 29. Qxc2 f5 30. Nf2 fxe4 31. Nxe4 Qd5 32. Qd3 Qc4 33. Qf3 Qd5 34. Qd3 Bd8 35. Kh3 Be7 36. g4 Qe5 37. Kg2 Bd6 38. Nxd6 Qxd6 39. Qxg6 Qd5+ 40. Kg1 d3 41. g5 Kf8 42. Qh5 d2 43. Qh8+ Ke7 44. Qxg7+ Kd6 45. Qf8+ Ke5 46. Qf6+ Ke4 47. Qg6+ Ke3 0-1

[Event "Cento op 1st"]
[Site "Cento"]
[Date "2011.02.12"]
[Round "8"]
[White "Bossoni, Mario"]
[Black "Pelyushenko, Vladyslav"]
[Result "1-0"]
[WhiteElo "1952"]
[BlackElo "1784"]
[PlyCount "41"]
[EventDate "2011.02.05"]
[EventType "swiss"]
[EventRounds "9"]
[EventCountry "ITA"]
[SourceTitle "CBM 140 Extra"]
[Source "ChessBase"]
[SourceDate "2011.03.01"]
[SourceVersion "1"]
[SourceVersionDate "2011.03.01"]
[SourceQuality "1"]

1. e4 d6 2. d4 Nf6 3. Nc3 g6 4. f4 Bg7 5. Nf3 0-0 6. e5 Ne8 7. Bc4 c6 8. 0-0 d5 9. Bd3 Nd7 10. f5 Nb6 11. Ng5 f6 12. Nxh7 gxf5 13. Nxf8 Kxf8 14. Bxf5 Nc7 15. exf6 exf6 16. Qh5 Qe7 17. Bxc8 Rxc8 18. Bh6 Bxh6 19. Qxh6+ Qg7 20. Rxf6+ Kg8 21. Rg6 1-0

[Event "Cento op 1st"]
[Site "Cento"]
[Date "2011.02.11"]
[Round "7"]
[White "Pelyushenko, Vladyslav"]
[Black "Bonetti, Carlo"]
[Result "1-0"]
[WhiteElo "1784"]
[BlackElo "1915"]
[PlyCount "67"]
[EventDate "2011.02.05"]
[EventType "swiss"]
[EventRounds "9"]
[EventCountry "ITA"]
[SourceTitle "CBM 140 Extra"]
[Source "ChessBase"]
[SourceDate "2011.03.01"]
[SourceVersion "1"]
[SourceVersionDate "2011.03.01"]
[SourceQuality "1"]

1. d4 g6 2. c4 Bg7 3. Nc3 Nf6 4. e4 d6 5. Be2 0-0 6. Nf3 c5 7. d5 Bg4 8. h3 Bxf3 9. Bxf3 Nbd7 10. 0-0 Ne8 11. Be3 Nc7 12. Be2 a6 13. Qd2 Re8 14. Rab1 Qb8 15. b4 cxb4 16. Rxb4 a5 17. Rbb1 Na6 18. Na4 Nac5 19. Nxc5 dxc5 20. Rb5 b6 21. Rfb1 Qe5 22. Bg4 f5 23. exf5 gxf5 24. Bf3 Rac8 25. Bf4 Qd4 26. Qc1 a4 27. d6 e5 28. Bd5+ Kf8 29. Bh6 e4 30. Bxg7+ Qxg7 31. Qf4 Qe5 32. Qg5 Qg7 33. Qxf5+ Nf6 34. d7 1-0

[Event "Costa Viola op 3rd"]
[Site "St Eufemia d'Aspromonte"]
[Date "2010.01.05"]
[Round "6"]
[White "Pelyushenko, Vladyslav"]
[Black "Gregori, Giacomo"]
[Result "0-1"]
[WhiteElo "1792"]
[BlackElo "1794"]
[PlyCount "84"]
[EventDate "2010.01.02"]
[EventType "swiss"]
[EventRounds "7"]
[EventCountry "ITA"]
[SourceTitle "EXT 2011"]
[Source "ChessBase"]
[SourceDate "2010.11.26"]
[SourceVersion "1"]
[SourceVersionDate "2010.11.26"]
[SourceQuality "1"]

1. d4 d5 2. c4 e6 3. Nc3 Nf6 4. Nf3 Nbd7 5. Bg5 c6 6. e3 Qa5 7. cxd5 exd5 8. Nd2 Bb4 9. Qc2 0-0 10. Bd3 Re8 11. 0-0 h6 12. Bf4 Nh5 13. Nb3 Qd8 14. a3 Bxc3 15. Qxc3 Nxf4 16. exf4 Nf6 17. Rfe1 Rxe1+ 18. Rxe1 Qc7 19. f5 Bd7 20. Nd2 Re8 21. Nf3 Ne4 22. Bxe4 dxe4 23. Ne5 Bxf5 24. g4 Bd7 25. Rxe4 f6 26. Nxd7 Rxe4 27. Qc4+ Kh8 28. Qf7 Qd8 29. Nf8 Re1+ 30. Kg2 Qd5+ 31. Qxd5 cxd5 32. Ng6+ Kh7 33. Nf4 Rd1 34. Nxd5 Rxd4 35. Ne3 Rd2 36. b4 Ra2 37. Nc4 b5 38. Nd6 a6 39. h4 Rxa3 40. g5 Ra4 41. gxh6 Kxh6 42. Nf5+ Kh7 0-1